000 00759nam0a22002411 4500
001 rc\2733348
005 20250529134604.0
035 _a(NLR Aleph) 006860694
090 _a6844366
_c6844366
100 _a20110915d1937 |||y0rusy50 ca
101 0 _arus
102 _aRU
105 _aa z |||||
200 1 _aРемонт граммофонов
_fС. Б. Богин
210 _aМосква
_aЛенинград
_cКоиз
_d1937
_eМосква
_gтип. изд-ва "Крестьян. газ."
215 _aОбл., 39, [9] с.
_cил.
_d21×15 см.
700 1 _aБогин
_bС.Б.
_gСамуил Борисович
801 0 _aRU
_bNLR
_gpsbo
801 1 _aRU
_bELAR
_2rusmarc
852 _aNLR
_j37-10/2043
942 _cBOOK
980 _aNB